000 00622nam a22002417a 4500
003 UA-OsUOA
001 48979
007 ta
008 20070913b un ||||| |||| 00| 0 ukr d
100 _aЛандесман П.
700 _aСогомонов Ю.
090 _a821.161.1
_bЛ22
942 _cBK
040 _aUA-OsUOA
_brus
_cUA-OsUOA
_dUA-OsUOA
245 _aСпор с пессимизмом
300 _a197 с.
955 _a1
041 _arus
080 _a821.161.1
260 _aМ.
_bИПЛ
_c1971
650 7 _a82 Література. Літературознавство
_2UDC
999 _c335097
_d335097